00000000nam 2200000zi 4500
0019.945698
003CaOODSP
00520250403102726
006m     o  d f      
007cr cn|||||||||
008241128t20242024oncabd  osb  f000 0 fre d
020 |a9780660747071
040 |aCaOODSP|bfre|erda|cCaOODSP
043 |an-cn---
0861 |aCS11-627/2024-58F-PDF
24503|aLa population musulmane au Canada.
264 1|a[Ottawa] : |bStatistique Canada = Statistics Canada, |c[2024]
264 4|c©2024
300 |a1 ressource en ligne (1 page non numérotée) : |billustrations, cartes, graphiques
336 |atexte|btxt|2rdacontent/fre
337 |ainformatique|bc|2rdamedia/fre
338 |aressource en ligne|bcr|2rdacarrier/fre
500 |aTitre de départ.
500 |aPublié aussi en anglais sous le titre : Muslim population in Canada.
504 |aComprend des références bibliographiques.
520 |a« De 2001 à 2021, la proportion de musulmanes et musulmans au sein de la population canadienne a plus que doublé pour passer de 2,0 % à 4,9 % » -- Page [1].
650 6|aMusulmans|zCanada.
650 6|aMusulmans|xViolence envers|zCanada.
650 6|aÉmigration et immigration|zCanada.
655 7|aStatistiques|2rvmgf
7102 |aStatistique Canada, |eorganisme de publication.
77508|tMuslim population in Canada.|w(CaOODSP)9.945697
85640|qPDF|s6.18 Mo|uhttps://publications.gc.ca/collections/collection_2024/statcan/11-627-m/11-627-m2024058-fra.pdf
8564 |qHTML|sS.O.|uhttps://www150.statcan.gc.ca/n1/pub/11-627-m/11-627-m2024058-fra.htm
986 |a11-627-M